| 000 | 00635cab a2200217 4500 | ||
|---|---|---|---|
| 001 | WB2732-47 | ||
| 008 | 090401t xxu||||| |||| 00| 0 eng d | ||
| 035 | _a(Sirsi) u60707 | ||
| 041 | _aeng | ||
| 245 | _aSporting rights sold with land now exempt from VAT | ||
| 260 | _cno 59/91 5 August 19911 page | ||
| 350 | _a0 | ||
| 490 |
_aHM Customs and Excise News Release _vno 59/91 5 August 19911 page |
||
| 520 | _aGives details of changes to VAT rules on sale of land with sporting rights . | ||
| 650 | _aCOMMUNITY LAW | ||
| 650 | _aEC SIXTH DIRECTIVE | ||
| 650 | _aEC | ||
| 690 | _aTAXATION | ||
| 942 | _n0 | ||
| 948 | _c04/03/1997 | ||
| 999 |
_c37504 _d37504 |
||